ბათუმის შოთა რუსთაველის სახელმწიფო უნივერსიტეტის ბიბლიოთეკა

გონივრული სკოლები = Smart Schools : (ბიბ.ჩანაწერი № 43861)

000 -ლიდერი
ფიქსირებული სიგრძის საკონტროლო ველი 01206nam a2200265Ia 4500
001 - საკონტროლო ნომერი
საკონტროლო ველი 10609
003 - საკონტროლო ნომრის იდენტიფიკატორი
საკონტროლო ველი GE_BSU
005 - ბოლო ოპერაციის თარიღი და დრო
საკონტროლო ველი 20220301120159.0
008 - ფიქსირებული სიგრძის მონაცემთა ელემენტები - ზოგადი ინფორმაცია
ფიქსირებული სიგრძის საკონტროლო ველი 181216s2007||||ge |||||||||||||| ||geo||
020 ## - წიგნის საერთაშორისო სტანდარტული ნომერი
International Standard Book Number 9789994002948
040 ## - კატალოგიზაციის წყარო
Transcribing agency GE_BSU
041 ## - ენის კოდი
Language code of text/sound track or separate title geo
080 ## - უნივერსალური ათობითი კლასიფიკაციის ინდექსი
Universal Decimal Classification number 37.01+373.3/5+37.025.7 პ–28
100 ## - მთავარი ჩანაწერი - პიროვნების სახელი
Personal name პერკინსი, დევიდ
9 (RLIN) 13577
245 ## - ცნობა სათაურის შესახებ
Title გონივრული სკოლები = Smart Schools :
Remainder of title ბავშვებმა რომ უკეთ იაზროვნონ და ისწავლონ /
Statement of responsibility, etc დევიდ პერკინსი ; [რედ. მანონ ღუდუშაური].
264 ## - წარმოების, გამოცემის, დისტრიბუციის და სხვა ცნობები
გამოცემის, წარმოების, დისტრიბუციის... ადგილი თბილისი :
გამოცემის, წარმოების, დისტრიბუციის... სახელწოდება ი. ჭავჭავაძის სახელმწ. უნ-ტის გამ-ბა,
გამოცემის, წარმოების, დისტრიბუციის... თარიღი 2007.
300 ## - ფიზიკური აღწერა
Other physical details 284 გვ. ;
Extent 28 სმ.
504 ## - BIBLIOGRAPHY, ETC. NOTE
Bibliography, etc ბიბლიოგრ.: გვ. 273-283.
653 ## - INDEX TERM--UNCONTROLLED
Uncontrolled term განათლება
653 ## - INDEX TERM--UNCONTROLLED
Uncontrolled term პედაგოგიკა
653 ## - INDEX TERM--UNCONTROLLED
Uncontrolled term სასკოლო განათლება
700 ## - ADDED ENTRY--PERSONAL NAME
Personal name ღუდუშაური, მანონ
Relator term რედაქტორი
9 (RLIN) 2832
942 ## - ADDED ENTRY ELEMENTS (KOHA)
Koha item type წიგნი
Source of classification or shelving scheme
ეგზემპლარები
ჩამოწერის სტატუსი დაკარგული ეგზემპლარის სტატუსი კლასიფიკაციის წყარო ან თაროზე გაწყობის სქემა დაზიანების სტატუსი არ გაიცემა მუდმივი მდებარეობა (დაცვის ადგილი) ამჟამინდელი ადგილსამყოფელი თაროზე განთავსების ადგილი შეძენის თარიღი ღირებულება, შესყიდვის ნორმალური ფასი სრული შენახვის შიფრი შტრიხკოდი ბოლო ოპერაციის თარიღი ეგზემპლარის მიმდევრობითი ნომერი (კეტერი?) ფასის ძალაში შესვლის თარიღი ეგზემპლარის სახეობა საჯარო შენიშვნა
          ბათუმის შოთა რუსთაველის სახელმწიფო უნივერსიტეტის მთავარი ბიბლიოთეკა ბათუმის შოთა რუსთაველის სახელმწიფო უნივერსიტეტის მთავარი ბიბლიოთეკა წიგნსაცავი 2018-12-17 14.00 37.01+373.3/5+37.025.7 34730 2018-12-17 34730 2018-12-17 წიგნი 14 ლ.
          ბათუმის შოთა რუსთაველის სახელმწიფო უნივერსიტეტის მთავარი ბიბლიოთეკა ბათუმის შოთა რუსთაველის სახელმწიფო უნივერსიტეტის მთავარი ბიბლიოთეკა წიგნსაცავი 2018-12-17 14.00 37.01+373.3/5+37.025.7 34731 2018-12-17 34731 2018-12-17 წიგნი 14 ლ.
          ბათუმის შოთა რუსთაველის სახელმწიფო უნივერსიტეტის მთავარი ბიბლიოთეკა ბათუმის შოთა რუსთაველის სახელმწიფო უნივერსიტეტის მთავარი ბიბლიოთეკა წიგნსაცავი 2018-12-17 14.00 37.01+373.3/5+37.025.7 34732 2018-12-17 34732 2018-12-17 წიგნი 14 ლ.
          ბათუმის შოთა რუსთაველის სახელმწიფო უნივერსიტეტის მთავარი ბიბლიოთეკა ბათუმის შოთა რუსთაველის სახელმწიფო უნივერსიტეტის მთავარი ბიბლიოთეკა წიგნსაცავი 2018-12-17 14.00 37.01+373.3/5+37.025.7 34733 2018-12-17 34733 2018-12-17 წიგნი 14 ლ.
          ბათუმის შოთა რუსთაველის სახელმწიფო უნივერსიტეტის მთავარი ბიბლიოთეკა ბათუმის შოთა რუსთაველის სახელმწიფო უნივერსიტეტის მთავარი ბიბლიოთეკა წიგნსაცავი 2018-12-17 14.00 37.01+373.3/5+37.025.7 34734 2018-12-17 34734 2018-12-17 წიგნი 14 ლ.
          ბათუმის შოთა რუსთაველის სახელმწიფო უნივერსიტეტის მთავარი ბიბლიოთეკა ბათუმის შოთა რუსთაველის სახელმწიფო უნივერსიტეტის მთავარი ბიბლიოთეკა წიგნსაცავი 2018-12-17 14.00 37.01+373.3/5+37.025.7 34735 2018-12-17 34735 2018-12-17 წიგნი 14 ლ.
          ბათუმის შოთა რუსთაველის სახელმწიფო უნივერსიტეტის მთავარი ბიბლიოთეკა ბათუმის შოთა რუსთაველის სახელმწიფო უნივერსიტეტის მთავარი ბიბლიოთეკა წიგნსაცავი 2022-03-01 12.00 37.01+373.3/5+37.025.7 პ–28 35144 2022-03-01 35144 2022-03-01 წიგნი 12 ლ.
          ბათუმის შოთა რუსთაველის სახელმწიფო უნივერსიტეტის მთავარი ბიბლიოთეკა ბათუმის შოთა რუსთაველის სახელმწიფო უნივერსიტეტის მთავარი ბიბლიოთეკა წიგნსაცავი 2022-03-01 12.00 37.01+373.3/5+37.025.7 პ–28 35145 2022-03-01 35145 2022-03-01 წიგნი 12 ლ.